Регионална библиотека "Любен Каравелов" - Русе

Древен Египет (Запис номер 111402)

MARC детайли
000 -Лидер
Контролно поле с фиксирана дължина 01963nam a2200445 c 4500
003 - Код на организацията, давaща контролен номер
Контролно поле BLK
005 - Дата и час на последна редакция
Контролно поле 20180422110028.0
008 - Елементи от данни с фиксирана дължина
fixed length control field 180409b bul|||||r ||||||| ||bul||
010 ## - Наследен системен номер
LC control number KNG00116743000
020 ## - Международен стандартен номер на книга ISBN
Международен стандартен номер на книга ISBN 954-8456-88-5
-- издат.: Унискорп
040 ## - Източник на каталожния запис
Идентификатор на билиотеката - собственик на записа BLK
041 ## - Код за език
Код за езика на текст/звукозапис или на отделно заглавие Български
Код за езика КДБФ Български
080 ## - УДК
Текстов определител УДК История на Египет (до 640 г. н. е.)
УДК код - определител по УДК 932
УДК определител (035)
УДК - код + определител 932(035)
080 ## - УДК
Текстов определител УДК Паметници на културата на историческите периоди. Археологическите паметници. Старини
УДК код - определител по УДК 904
УДК определител (=32)(035)
УДК - код + определител 904(=32)(035)
100 1# - Редна дума - Автор
Автор Андрю, Гиймет
Авторска отговорност първи автор
R(LIN) 312168
139 ## - Редно поле
Редна дума Андрю, Гиймет и др.
Авторски знак Андр - А 66
245 10 - Сведения за заглавието
Заглавие Древен Египет
Редно поле (дума) Гиймет Андрю; съавт. Патрисия Риго; съавт. Клод Тронеке; прев. от фр. Катя Пеева.
257 ## - Страна на издаване
Страна на създаване/издаване Франция
260 ## - Област на издателските данни
-- София
Име на издателя, разпространителя и проч. Унискорп
Година на издаване 2004
Печатница София : Унискорп
300 ## - Физическа характеристика
Страници 120 с.
Илюстрации и др. с цв. ил.
Размери/Мащаб 22 см
380 ## - Жанр
Жанр История
490 1# - СЕРИИ (Колекции)
Име на серия Енциклопедична колекция от А до Я
490 1# - СЕРИИ (Колекции)
-- Подсерия
Име на серия Серия Археология и цивилизации
500 ## - Общи забележки
Забележка Без сведения за ориг. загл. - Съдържа и Хронология. - Азб. показалец. - Библиогр. с. 119.
504 ## - Забележка за наличие на библиография и др
Забележка за наличие на библиография и под. 119
650 #4 - Допълнително описание по предмет – тема
Основно описание – тема или топоним Египет
9 (RLIN) 252149
653 ## - Ключова дума – ненормативна
Ключова дума Египет
653 ## - Ключова дума – ненормативна
Ключова дума история
653 ## - Ключова дума – ненормативна
Ключова дума старини
653 ## - Ключова дума – ненормативна
Ключова дума Древен Египет
653 ## - Ключова дума – ненормативна
Ключова дума справочници
700 1# - Други автори (авторска отговорност)
Лично име Риго, Патрисия
Автороска отговорност (Описва отношението между автора и произведението) съавт.
9 (RLIN) 312169
700 1# - Други автори (авторска отговорност)
Лично име Тронеке, Клод
Автороска отговорност (Описва отношението между автора и произведението) съавт.
9 (RLIN) 131536
700 1# - Други автори (авторска отговорност)
Лично име Пеева, Катя
Автороска отговорност (Описва отношението между автора и произведението) прев. от фр.
9 (RLIN) 368109
852 ## - Местоположение
Форматна сигнатура Цб 222086
856 4# - Електронен адрес и достъп
Електронен формат pdf - файл
Път до файла /url/
856 4# - Електронен адрес и достъп
Електронен формат pdf - файл
Път до файла /url/
942 ## - АРТИКУЛИ
Вид на библиотечния материал Книги
Скрит в OPAC Не
944 ## - СЪЗДАВАНЕ И РЕДАКЦИЯ на ЗАПИСА
Създаване/Редакция Създаване
Дата на регистрацията/редакция 27.12.2004
Служител, извършил регистрацията/редакцията Людмила_Стоянова
944 ## - СЪЗДАВАНЕ И РЕДАКЦИЯ на ЗАПИСА
Създаване/Редакция Редакция
Дата на регистрацията/редакция 03.07.2006
Служител, извършил регистрацията/редакцията
999 ## - СИСТЕМНИ КОНТРОЛНИ НОМЕРА
Koha biblionumber 111402
Koha biblioitemnumber 111402
Наличности
Код за отписване Код за изгубен артикул Източник на класификационната схема Код за повреда Коз за рестрикции Код за отдаване Артикулен № Име на библиотеката - собственик Име на библиотеката, в която се намира в момента Статус (Текущо местоположение) Дата на вписване в системата Местоположение - отдел Цена в лева Инвентарен номер Систематично азбучна сигнатура Баркод Номер на екземпляра Цена в евро Служебна бележка Служебен тип на артикула
  Не е изгубен Universal Decimal Classification Не е повреден без рестрикции ползва се в читалня 178867 Регионална библиотека "Любен Каравелов" Русе Регионална библиотека "Любен Каравелов" Русе Читалня 2004-12-27 Читалня 12.00 120000690814 Ч 93/94/А 66 Г 120000690814 1 6.14 Дост: Pk Вид: Ф N: 8895 Дата: 16.12.2004 Дата инв: 28.03.2017 Бележки инв: Ч2017 Книги
  Не е изгубен   Не е повреден без рестрикции ползва се в читалня 178868 Регионална библиотека "Любен Каравелов" Русе Регионална библиотека "Любен Каравелов" Русе Хранилище 2006-04-05 Хранилище 12.00 120000701450 Цб 222086 120000701450 2 6.14 Дост: Dp Вид: Д N: 12 Дата: 10.03.2005 Книги
Изтеглен Не е изгубен Universal Decimal Classification Не е повреден без рестрикции заемане за дома 178869 Регионална библиотека "Любен Каравелов" Русе Регионална библиотека "Любен Каравелов" Русе Заемна - подръчен фонд 2006-06-28 Заемна - подръчен фонд 12.00 120000703501 П 931/939/А 66 120000703501 3 6.14 Дост: DA Вид: А N: 12 Дата: 28.06.2006 Книги
Vip Innovations Ltd, Rousse, Bulgaria 2025